Caperucita roja, verde, amarilla, azul y blanca / (Record no. 96730)

MARC details
000 -CABECERA
campo de control de longitud fija 00771nam a2200229 a 4500
005 - FECHA Y HORA DE LA ÚLTIMA TRANSACCIÓN
campo de control 20240924071218.0
008 - ELEMENTOS DE LONGITUD FIJA--INFORMACIÓN GENERAL
campo de control de longitud fija 030523s1998 mx r 000 0 spa d
020 ## - NÚMERO INTERNACIONAL NORMALIZADO PARA LIBROS
Número Internacional Estándar del Libro 8420790451
035 ## - NÚMERO DE CONTROL DEL SISTEMA
Número de control de sistema UPN01000124551
049 ## - COLECCIÓN
Colección I
050 #4 - SIGNATURA TOPOGRÁFICA DE LA BIBLIOTECA DEL CONGRESO
Número de clasificación PZ78
Número de documento/Ítem M8.28
100 1# - ASIENTO PRINCIPAL--NOMBRE PERSONAL
Nombre de persona Munari, Bruno,
Fechas asociadas al nombre 1907-
245 10 - MENCIÓN DE TÍTULO
Título Caperucita roja, verde, amarilla, azul y blanca /
Mención de responsabilidad, etc. Bruno Munari, Enrica Agostinelli ; il. de los autores ; tr. de Teresa García Adame.
260 ## - PUBLICACIÓN, DISTRIBUCIÓN, ETC.
Lugar de publicación, distribución, etc. Madrid :
Nombre del editor, distribuidor, etc. Anaya,
Fecha de publicación, distribución, etc. 1998.
300 ## - DESCRIPCIÓN FÍSICA
Extensión 134 p.
440 #0 - MENCIÓN DE SERIE/ASIENTO SECUNDARIO--TÍTULO
Título Sopa de libros ;
Designación de volumen o secuencia 27
534 ## - NOTA SOBRE LA VERSIÓN ORIGINAL
Frase introductoria Traducción de:
Mención de título del original Cappuccetto rosso verde giallo blu e bianco
650 #4 - ASIENTO SECUNDARIO DE MATERIA - TERMINO TEMATICO
Término de materia o nombre geográfico como elemento de entrada Libros y lectura para niños
9 (RLIN) 2290
650 #4 - ASIENTO SECUNDARIO DE MATERIA - TERMINO TEMATICO
Término de materia o nombre geográfico como elemento de entrada Literatura infantil
9 (RLIN) 4445
700 1# - ASIENTO SECUNDARIO--NOMBRE DE PERSONAL
Nombre de persona Agostinelli, Enrica,
Término indicativo de función/relación coaut.
905 ## - TIPO DE MATERIAL
Tipo de material Infantil
Holdings
Estado de retiro Estado de pérdida Fuente del sistema de clasificación o colocación Estado dañado No para préstamo Código de colección Localización permanente Ubicación/localización actual Ubicación en estantería Fecha de adquisición Total de préstamos Clasificación Código de barras Fecha visto por última vez Número de copia Tipo de ítem Koha
    Library of Congress Classification     Infantil Bib. Gregorio Torres Quintero Bib. Gregorio Torres Quintero Sala infantil Planta baja 10/05/2023 2 PZ78 M8.28 208819 31/12/2020 1 Libro